Central Library OPAC University of Rajshahi

Problems in the history and philosophy of physical education and sport / (Record no. 50119)

MARC details
000 -LEADER
fixed length control field 00904cam a2200253 a 4500
001 - CONTROL NUMBER
control field 50119
003 - CONTROL NUMBER IDENTIFIER
rucl marc code BD-RjUL
005 - DATE AND TIME OF LATEST TRANSACTION
control field 20211209075448.0
008 - FIXED-LENGTH DATA ELEMENTS--GENERAL INFORMATION
fixed length control field 160823s1968 nju b 001 0 eng
035 ## - SYSTEM CONTROL NUMBER
System control number (BD-RjUL)50239
040 ## - CATALOGING SOURCE
Original cataloging agency DLC
Transcribing agency DLC
Modifying agency ICU
-- DLC
-- BD-RjUL
Language of cataloging eng
041 ## - LANGUAGE CODE
Language code of text/sound track or separate title eng
082 00 - DEWEY DECIMAL CLASSIFICATION NUMBER
Classification number 613.7
Edition number 23
Author mark and year ZEP 1968
100 1# - MAIN ENTRY--PERSONAL NAME
Personal name Zeigler, Earle F.
9 (RLIN) 142838
245 10 - TITLE STATEMENT
Title Problems in the history and philosophy of physical education and sport /
Statement of responsibility, etc. Earle F. Zeigler.
260 ## - PUBLICATION, DISTRIBUTION, ETC. (IMPRINT)
Place of publication, distribution, etc. Englewood Cliffs, N.J. :
Name of publisher, distributor, etc. Prentice-Hall,
Date of publication, distribution, etc. c1968
300 ## - PHYSICAL DESCRIPTION
Pagination viii, 150 p. ;
Size 23 cm.
504 ## - BIBLIOGRAPHY, ETC. NOTE
Bibliography, etc Bibliography and index
650 #0 - SUBJECT ADDED ENTRY--TOPICAL TERM
Topical term or geographic name as entry element Physical education and training
General subdivision Philosophy
9 (RLIN) 150203
Topical term or geographic name as entry element Professionalism in sports
9 (RLIN) 150204
830 ## - SERIES ADDED ENTRY--UNIFORM TITLE
Uniform title Prentice-Hall foundations of physical education series
942 ## - ADDED ENTRY ELEMENTS (KOHA)
Source of classification or shelving scheme Dewey Decimal Classification
Koha item type Books
Holdings
Lost status Source of classification or shelving scheme Damaged status Not for loan Collection code Permanent Location Current Location Shelving location Date acquired Source of acquisition Cost, normal purchase price Total Checkouts Full call number Date last seen Copy number Koha item type
  Dewey Decimal Classification     Non-fiction Central Library, University of Rajshahi Central Library, University of Rajshahi   01/10/1970 Zeitlinger 23.00   613.7 ZEP 1968 23/08/2016 C-2 Books